UM Logo
Normal view MARC view
  • Employment.

Entry Topical Term

Number of records used in: 1

001 - CONTROL NUMBER

  • control field: 41921

003 - CONTROL NUMBER IDENTIFIER

  • control field: OSt

005 - DATE AND TIME OF LATEST TRANSACTION

  • control field: 20200305120330.0

008 - FIXED-LENGTH DATA ELEMENTS

  • fixed length control field: 200305|| aca||aabn | a|a d

040 ## - CATALOGING SOURCE

  • Original cataloging agency: OSt
  • Transcribing agency: OSt

150 ## - HEADING--TOPICAL TERM

  • Topical term or geographic name entry element: Employment.

670 ## - SOURCE DATA FOUND

  • Source citation: Work cat.: (OSt): 41920 Kabiling, Genalyn D. Author., First-time jobseekers exempted from paying gov't fees on documents/, ©2019.